Estudio de prefactibilidad para alcantarillado sanitario y pluvial de la ciudad de Parrita.
Tallennettuna:
| Päätekijä: | |
|---|---|
| Aineistotyyppi: | Kirja |
| Julkaistu: |
San José, Costa Rica
1990
|
| Aiheet: | |
| Tagit: |
Lisää tagi
Ei tageja, Lisää ensimmäinen tagi!
|
MARC
| LEADER | 00000nam a2200000Ia 4500 | ||
|---|---|---|---|
| 003 | 004861 | ||
| 005 | 20221231144336.0 | ||
| 008 | 140114s1990 cr a m 000 ||s d | ||
| 040 | |c cru CEDI | ||
| 090 | |a TFG 2257 | ||
| 100 | |a Segura Vargas, Juan Carlos |9 13187 | ||
| 245 | |a Estudio de prefactibilidad para alcantarillado sanitario y pluvial de la ciudad de Parrita. | ||
| 260 | |c 1990 |a San José, Costa Rica | ||
| 300 | |a xiii, [131] hojas : ilustraciones ; 28 cm. | ||
| 500 | |a Proyecto de graduación (licenciatura en ingeniería civil)--Universidad de Costa Rica. Facultad de Ingeniería. Escuela de Ingeniería Civil | ||
| 650 | |x ALCANTARILLADO - PARRITA (PUNTARENAS, COSTA RICA) |9 13188 | ||
| 942 | |c TFG |2 ddc | ||
| 999 | |c 20441 |d 20441 | ||
